Cơ học ứng dụng

Giáo trình cơ học ứng dụng được biên soạn với mục đích giới thiệu những kiến thức cơ học ứng dụng cơ bản nhất và làm rõ nền tảng cơ học thống nhất của các kiến thức thông qua các mô hình vật thể mà trước hết là hai mô hình vật t...

ver descrição completa

Na minha lista:
Detalhes bibliográficos
Autor principal: Đoàn, Xuân Huệ
Formato: Livro
Idioma:Undetermined
Publicado em: Hà Nội Đại học Sư phạm Hà Nội 2004
Assuntos:
Tags: Adicionar Tag
Sem tags, seja o primeiro a adicionar uma tag!
Thư viện lưu trữ: Trung tâm Học liệu Trường Đại học Cần Thơ
LEADER 01317nam a2200205Ia 4500
001 CTU_119596
008 210402s9999 xx 000 0 und d
020 |c 25000 
082 |a 531 
082 |b H507/T.2 
100 |a Đoàn, Xuân Huệ 
245 0 |a Cơ học ứng dụng 
245 0 |c Đoàn Xuân Huệ 
260 |a Hà Nội 
260 |b Đại học Sư phạm Hà Nội 
260 |c 2004 
520 |a Giáo trình cơ học ứng dụng được biên soạn với mục đích giới thiệu những kiến thức cơ học ứng dụng cơ bản nhất và làm rõ nền tảng cơ học thống nhất của các kiến thức thông qua các mô hình vật thể mà trước hết là hai mô hình vật thể rất quan trọng cả lý thuyết lẫn ứng dụng: vật rắn tuyệt đối và vật rán biến dạng. Giáo trình cung cấp những kiến thức về nguyên lý hoạt động và các cơ sở tính toán về độ bền và tuổi thọ ... của các cơ cấu và kết cấu thường gặp. 
650 |a Mechanics, applied 
904 |i Hiếu 
980 |a Trung tâm Học liệu Trường Đại học Cần Thơ